Európske spoločenstvá na začiatku 90. rokov.
Porovnanie ekonomickej štruktúry troch ekonomických komplexov: Európskych spoločenstiev (ES), USA a Japonska. Vývoj ekonomickej úrovne členských štátov ES v období 1960-1990. Schéma mechanizmu pozitívneho vplyvu vytvorenia jednotného vnútorného trhu. Projekt Európa '92 - koncepcia plne integrovanej...
Guardado en:
| Autor principal: | |
|---|---|
| Formato: | Capítulo de libro |
| Lenguaje: | eslovaco |
| Materias: | |
| Etiquetas: |
Sin Etiquetas, Sea el primero en etiquetar este registro!
|
MARC
| LEADER | 00000naa a2200000 4500 | ||
|---|---|---|---|
| 001 | r010507 | ||
| 005 | 20220831090035.1 | ||
| 041 | 0 | |a slo | |
| 044 | |a [CS] | ||
| 245 | 1 | 0 | |a Európske spoločenstvá na začiatku 90. rokov. |c E. Mikelka |
| 520 | |a Porovnanie ekonomickej štruktúry troch ekonomických komplexov: Európskych spoločenstiev (ES), USA a Japonska. Vývoj ekonomickej úrovne členských štátov ES v období 1960-1990. Schéma mechanizmu pozitívneho vplyvu vytvorenia jednotného vnútorného trhu. Projekt Európa '92 - koncepcia plne integrovanej ekonomiky ES. | ||
| 610 | 2 | 0 | |a Európske spoločenstvá |
| 610 | 2 | 0 | |a USA |
| 610 | 2 | 0 | |a Japonsko |
| 610 | 2 | 0 | |a 1960-1990 |
| 610 | 2 | 0 | |a koncepcie |
| 610 | 2 | 0 | |a integrácia ekonomická medzinárodná |
| 610 | 2 | 0 | |a rozvoj hospodársky |
| 610 | 2 | 0 | |a úroveň rozvoja hospodárskeho |
| 610 | 2 | 0 | |a trh vnútorný |
| 610 | 2 | 0 | |a porovnanie štatistické medzinárodné |
| 610 | 2 | 0 | |a trh práce |
| 610 | 2 | 0 | |a služby |
| 610 | 2 | 0 | |a štruktúra ekonomická |
| 610 | 2 | 0 | |a projekty |
| 610 | 2 | 0 | |a Európa '92 |
| 100 | 1 | |a Mikelka, E. | |